| 000 | 00436nam a2200157Ia 4500 | ||
|---|---|---|---|
| 008 | 231217s9999 xx 000 0 und d | ||
| 041 | _aEnglish | ||
| 082 | _a621.381952 PAT;4 | ||
| 100 | _aPatterson, David James Hennessy, John L | ||
| 245 | 0 | _aComputer architecture: A quantitative approach | |
| 250 | _a2nd ed. | ||
| 260 |
_c2000 _bHercourt Asia, USA |
||
| 300 | _axxiii+760 | ||
| 650 | _aComputer architecture | ||
| 942 | _cAA | ||
| 999 |
_c167282 _d167282 |
||